| 000 | 00782nam a2200241 4500 | ||
|---|---|---|---|
| 003 | OSt | ||
| 005 | 20260601193841.0 | ||
| 008 | 260417b2002 mx ||||| |||| 00| 0 eng d | ||
| 040 |
_aICI _bspa _cICI |
||
| 050 |
_aN72.6 _bM67 1977 |
||
| 100 | 1 | _aWilliam Morris 1834-1896 | |
| 245 | 1 |
_aArte y sociedad industrial : _bAntologia de escritos / _cWilliam Morris ; prólogo Vicente Aguilera cerni ; tr. Gonzalo Zaragoza |
|
| 250 | _aSegunda edición | ||
| 260 |
_aValencia : _bF. Torres, _cc1977 |
||
| 300 | _a254 páginas | ||
| 336 |
_atexto _2rdacontent |
||
| 337 |
_asin medio _2rdamedia |
||
| 338 |
_avolumen _2rdacarrier |
||
| 650 | _aArte y sociedad | ||
| 700 |
_aZaragoza Rovira, Gonzalo, _etraductor |
||
| 700 |
_aAguilera Cerni, Vicente, _eprologuista |
||
| 942 |
_2lcc _cB |
||
| 999 |
_c21429 _d21429 |
||